| 000 | 00705nam a2200217Ia 4500 | ||
|---|---|---|---|
| 003 | OSt | ||
| 005 | 20250307150714.0 | ||
| 008 | 210716s1992 xx 000 0 und d | ||
| 020 | _a0930305019 | ||
| 040 | _cAIMIT LIBRARY | ||
| 041 | _aeng | ||
| 082 |
_a658.4062 _21 _bGRUN |
||
| 100 |
_aGrundstein, Nathan D. _9204880 |
||
| 245 |
_aKnowledge of strategy: _bfoundation for an intelligence of strategy / _cBy Nathan D Grundstein. |
||
| 250 | _a1st ed. | ||
| 260 |
_c1992. _aA Zeus Book ; |
||
| 300 |
_axxxviii,351p. ; _bPB _c22 cm. |
||
| 650 |
_aStrategic knowledge as knowledge of variety _9204881 |
||
| 650 |
_aInvestment rules money market rules _9204882 |
||
| 942 |
_2ddc _cBK _e1st ed. _k658.4062 GRUN |
||
| 999 |
_c206410 _d206410 |
||